The small business start-up kit / (Record no. 1107)
[ view plain ]
| 000 -LEADER | |
|---|---|
| fixed length control field | 02895cam a2200325 a 4500 |
| 005 - DATE AND TIME OF LATEST TRANSACTION | |
| control field | 20260322212047.0 |
| 007 - PHYSICAL DESCRIPTION FIXED FIELD--GENERAL INFORMATION | |
| fixed length control field | data |
| 008 - FIXED-LENGTH DATA ELEMENTS--GENERAL INFORMATION | |
| fixed length control field | data |
| 010 ## - LIBRARY OF CONGRESS CONTROL NUMBER | |
| LC control number | 2009037822 |
| 020 ## - INTERNATIONAL STANDARD BOOK NUMBER | |
| International Standard Book Number | 9781413310993 (pbk.) |
| 020 ## - INTERNATIONAL STANDARD BOOK NUMBER | |
| International Standard Book Number | 1413310990 (pbk.) |
| 040 ## - CATALOGING SOURCE | |
| Original cataloging agency | DLC |
| Transcribing agency | DLC |
| Modifying agency | DLC |
| -- | CDL |
| -- | ILC |
| -- | CDX |
| -- | YDXCP |
| -- | SGB |
| -- | EDK |
| -- | DLC |
| 043 ## - GEOGRAPHIC AREA CODE | |
| Geographic area code | n-us--- |
| 050 00 - LIBRARY OF CONGRESS CALL NUMBER | |
| Classification number | KF1659 |
| Item number | .P35 2010 |
| 082 00 - DEWEY DECIMAL CLASSIFICATION NUMBER | |
| Classification number | 346.73/0652 |
| Edition information | 22 |
| 092 ## - LOCALLY ASSIGNED DEWEY CALL NUMBER (OCLC) | |
| Classification number | 346.73 P35 2010 |
| 001 - CONTROL NUMBER | |
| control field | data |
| 245 04 - TITLE STATEMENT | |
| Title | The small business start-up kit / |
| Statement of responsibility, etc. | edited by Peri Pakroo & Marcia Stewart. |
| 250 ## - EDITION STATEMENT | |
| Edition statement | 6th ed. |
| 260 ## - PUBLICATION, DISTRIBUTION, ETC. | |
| Place of publication, distribution, etc. | Berkeley, Calif. : |
| Name of publisher, distributor, etc. | Nolo, |
| Date of publication, distribution, etc. | 2010. |
| 300 ## - PHYSICAL DESCRIPTION | |
| Extent | 352 p. : |
| Other physical details | forms ; |
| Dimensions | 28 cm. + |
| Accompanying material | 1 CD-ROM (4 3/4 in.) |
| 500 ## - GENERAL NOTE | |
| General note | Includes index. |
| 500 ## - GENERAL NOTE | |
| General note | CD-ROM contains forms in Rich Text Format. |
| 505 0# - FORMATTED CONTENTS NOTE | |
| Formatted contents note | Choosing a legal structure -- Picking a winning business name -- Choosing a business location -- Drafting an effective business plan -- Pricing, bidding, and billing projects -- Federal, state, and local start-up requirements -- Risk management -- Paying your taxes -- Laws, taxes, and other issues for home businesses -- Entering into contracts and agreements -- Bookkeeping, accounting, and financial management -- Small business marketing 101 -- E-business : selling and marketing online -- Planning for changes In ownership -- Building your business and hiring workers -- Getting professional help. |
| 520 ## - SUMMARY, ETC. | |
| Summary, etc. | From the Publisher: The best step-by-step guide to starting a business available! Many people dream of running a business of their own-but often don't know how to start. Sound familiar? This book can help. User-friendly and loaded with tips, The Small Business Start-Up Kit shows you how to launch a business quickly, easily and with confidence. It explains in plain English how to: choose the best business structure; write an effective business plan; file the right forms in the right place; price, bid and bill your projects; draft and use contracts, online and off; manage your finances; be prepared for, and file, required taxes; reach customers online. The Small Business Start-Up Kit also includes all the forms and instructions you need both as tear-outs and on CD-ROM. The 6th edition has been thoroughly updated to include the latest legal information affecting small business. Additionally, it includes 1) an updated chapter on financial management, which includes information on how to use technology to manage bookkeeping and other business aspects, 2) an updated e-business chapter which covers how to use social media to promote the business and, 3) updated material on the latest search engine optimization strategies to drive traffic to the business website. |
| 650 #0 - SUBJECT ADDED ENTRY--TOPICAL TERM | |
| Topical term or geographic name entry element | Small business |
| General subdivision | Law and legislation |
| Geographic subdivision | United States |
| Form subdivision | Popular works. |
| 650 #0 - SUBJECT ADDED ENTRY--TOPICAL TERM | |
| Topical term or geographic name entry element | New business enterprises |
| General subdivision | Law and legislation |
| Geographic subdivision | United States |
| Form subdivision | Popular works. |
| 700 1# - ADDED ENTRY--PERSONAL NAME | |
| Personal name | Pakroo, Peri. |
| 700 1# - ADDED ENTRY--PERSONAL NAME | |
| Personal name | Stewart, Marcia. |
| Withdrawn status | Lost status | Damaged status | Not for loan | Home library | Current library | Shelving location | Date acquired | Total checkouts | Full call number | Barcode | Date last seen | Price effective from | Koha item type |
|---|---|---|---|---|---|---|---|---|---|---|---|---|---|
| Liberty | Liberty | General stacks | 22/03/2026 | 346.73/0652 22 | BC0011143 | 22/03/2026 | 22/03/2026 | Books |